Statistics for 09-栃木県の市町村クイズ

Click here to take the quiz!

General Stats

  • This quiz has been taken 639 times
    (297 since last reset)
  • The average score is 15 of 25

Answers on the Map

Answers color-coded by a green-red scale on the quiz's map according to % correct below.
 

Answer Stats

Answer% Correct
日光にっこう
87%
宇都宮うつのみや
83%
那須塩原なすしおばら
74%
小山おやま
69%
鹿沼かぬま
67%
佐野さの
65%
那須なすまち
64%
足利あしかが
63%
野木のぎまち
63%
真岡もおか
62%
那須烏山なすからすやま
61%
栃木とちぎ
59%
下野しもつけ
55%
大田原おおたわら
54%
上三川かみのかわまち
53%
矢板やいた
53%
芳賀はがまち
52%
益子ましこまち
52%
茂木もてぎまち
51%
さくら
50%
塩谷しおやまち
50%
壬生みぶまち
50%
市貝いちかいまち
49%
高根沢たかねざわまち
49%
那珂川なかがわまち
43%

Score Distribution

Percentile by Number Answered

Percent of People with Each Score

Your Score History

You have not taken this quiz since the last reset